| 000 | 00486nam a2200169 a 4500 | ||
|---|---|---|---|
| 020 | _a222203907X : | ||
| 040 | _cDLC | ||
| 082 | 0 | 0 | _a591 PRE 1986 A058 Or. |
| 245 | 0 | 0 | _aNeuroéthologie / |
| 260 |
_aParis : _bEditions du Centre national de la recherche scientifique : _bPresses du CNRS, diffusion, _c1986. |
||
| 300 |
_a144 p. : _bill. ; _c25 cm. |
||
| 490 | 1 | _aComportements, | |
| 650 | 0 | _aNeuropsychology. | |
| 650 | 0 | _aAnimal behavior. | |
| 700 | 1 | _aCampan, Raymond. | |
| 942 | _cEK | ||
| 999 |
_c13863 _d13863 |
||